| 000 | nam a22 a 4500 | ||
|---|---|---|---|
| 999 |
_c4590 _d4590 |
||
| 005 | 20170601111558.0 | ||
| 008 | 170601s1999 my ||||| |||| 00| 0 eng d | ||
| 040 | _aAKMAL | ||
| 245 | 1 | 0 |
_aBrief Guide To The Customs Valuation Agreement/ _cTechnical Division Royal Customs & Excise Department. |
| 260 |
_a[Putrajaya]: _bTechnical Division Royal Customs & Excise Department, _c1999. |
||
| 300 |
_a30pages (loose-leaf) ; _c30 cm |
||
| 650 | 1 | 0 |
_aCustoms Administration _xLaw and legislation _96000 |
| 710 | 2 |
_aRoyal Customs & Excise Department. _bTechnical Division _98842 |
|
| 942 |
_2ddc _cBOOK |
||
| 950 | _lAKMAL | ||